Văn học dân gian của người Cơ Lao Đỏ

Văn học dân gian của người Cơ Lao Đỏ

Spremljeno u:
Bibliografski detalji
Glavni autor: Hoàng Thị Cấp
Format: Knjiga
Jezik:Vietnamese
Izdano: H. Văn hóa thông tin 2013
Serija:ĐTTS ghi: Hội Văn nghệ dân gian Việt Nam
Teme:
Oznake: Dodaj oznaku
Bez oznaka, Budi prvi tko označuje ovaj zapis!
Thư viện lưu trữ: Mạng thư viện Đại học Đà Nẵng
LEADER 01480nam a2200361 4500
001 000019586
003 16021
005 20140722140739.0
008 140620s2013 viesd
041 0 |a vie 
082 1 4 |a 398.2089959  |b HO-C 
100 1 |a Hoàng Thị Cấp 
245 1 0 |a Văn học dân gian của người Cơ Lao Đỏ  |c Hoàng Thị Cấp 
260 |a H.  |b Văn hóa thông tin  |c 2013 
300 |a 207 tr.  |b Hình ảnh mh.  |c 21 cm. 
490 |a ĐTTS ghi: Hội Văn nghệ dân gian Việt Nam 
504 |a Thư mục tr. 205-207 
520 3 |a Văn học dân gian của người Cơ Lao Đỏ 
650 0 4 |a Vân học dân gian  |x Người Cơ Lao Đỏ  |x Nghiên cứu  |z Việt Nam 
653 |a Vân học dân gian 
653 |a Người Cơ Lao Đỏ 
OWN |a LSP 
AVA |a UDN50  |b LNN  |d 895.922 HO-C  |e available  |t Error 5001 Not defined in file expand_doc_bib_avail.  |f 1  |g 0  |h N  |i 0 
AVA |a UDN50  |b LSP  |d 398.2089959 HO-C  |e available  |t Error 5001 Not defined in file expand_doc_bib_avail.  |f 1  |g 0  |h N  |i 0  |k 1 
999 |a From the UDN01 
AVA |a UDN50  |b LNN  |d 895.922 HO-C  |e available  |t Error 5001 Not defined in file expand_doc_bib_avail.  |f 1  |g 0  |h N  |i 0 
AVA |a UDN50  |b LSP  |d 398.2089959 HO-C  |e available  |t Error 5001 Not defined in file expand_doc_bib_avail.  |f 1  |g 0  |h N  |i 0  |k 1 
TYP |a Monograph 
TYP |a Printed language 
980 |a Mạng thư viện Đại học Đà Nẵng